000 00737nam a2200289Ia 4500
005 20260324125952.0
008 008 260324s9999 xx 000 0 eng d
020 _a9781315244396
037 _aEBOOK
040 _aCRL
040 _beng
040 _cCRL
041 _2eng
041 _aeng
084 _qCRL
100 _aChristopher P. Nemeth; Erik Hollnagel
_91161743
245 0 _aResilience Engineering Perspectives, Volume 1
245 0 _bRemaining Sensitive to the Possibility of Failure
260 _bTaylor and Francis
260 _c2008
365 _a
365 _b340
856 _uhttp://www.taylorfrancis.com/books/9781315244396
942 _cEBOOK
999 _c1775729
_d1775729